000
00265nam a2200109Ia 4500
008
200302s9999 xx 000 0 und d
100
_a
Kenneth Powell
245
_a
John Lyall : Contexts And Catalysts
260
_b
Arcaedizioni, Italy
260
_c
1999
300
_a
99
999
_c
4734
_d
4734